[Event "St.Petersburg Rapid 2016"]
[Site "St Petersburg RUS"]
[Date "2016.08.28"]
[Round "7.3"]
[White "Dubov, Daniil"]
[Black "Rakhmanov, Aleksandr"]
[Result "1/2-1/2"]
[WhiteTitle "GM"]
[BlackTitle "GM"]
[WhiteElo "2648"]
[BlackElo "2641"]
[WhiteFideId "24126055"]
[BlackFideId "4173708"]
[EventDate "2016.08.27"]

1. e4 d5 2. Nc3 dxe4 3. Nxe4 Nd7 4. Nf3 Ngf6 5. Nxf6+ Nxf6 6. d4 g6 7. Bc4 Bg7
8. O-O O-O 9. c3 Bg4 10. h3 Bxf3 11. Qxf3 c6 12. Re1 Ne8 13. Bb3 e6 14. Bf4 a5
15. a4 Nc7 16. Re2 Nd5 17. Bg3 Qf6 18. Qe4 Qf5 19. Qxf5 gxf5 20. Bh2 h5 21. Rae1
Rfd8 22. Bc4 Rac8 23. Bg3 Bf6 24. Be5 Kg7 25. g3 Rg8 26. Kg2 Bxe5 27. Rxe5 Kf6
28. Kf3 Rgd8 29. Bf1 Ra8 30. Bc4 Rd6 1/2-1/2

[Event "St.Petersburg Rapid 2016"]
[Site "St Petersburg RUS"]
[Date "2016.08.28"]
[Round "7.4"]
[White "Alekseev, Evgeny"]
[Black "Bodnaruk, Anastasia"]
[Result "1/2-1/2"]
[WhiteTitle "GM"]
[BlackTitle "IM"]
[WhiteElo "2636"]
[BlackElo "2465"]
[WhiteFideId "4138147"]
[BlackFideId "4181751"]
[EventDate "2016.08.27"]

1. e4 c5 2. Nf3 d6 3. d4 cxd4 4. Qxd4 Nf6 5. Bb5+ Bd7 6. c4 Nc6 7. Qd3 g6 8. Nc3
Bg7 9. O-O O-O 10. h3 Ne8 11. Be3 Nc7 12. Bxc6 bxc6 13. Rad1 Qb8 14. b3 Rd8 15.
Bg5 f6 16. Be3 Ne6 17. Qc2 Be8 18. c5 Qc7 19. cxd6 exd6 20. Ne2 c5 21. Nc3 Rac8
22. Rd2 g5 23. Nd5 Qb7 24. Nh2 Bg6 25. Qc4 Qf7 26. f4 gxf4 27. Bxf4 Kh8 28. Be3
Nd4 29. Ng4 Bxe4 30. Ngxf6 Bxd5 31. Nxd5 Qe6 32. Rdf2 Nc6 33. Kh1 Rf8 34. Bf4
Ne5 35. Qe4 Rf5 36. g4 Rff8 37. Bxe5 dxe5 38. Rxf8+ Rxf8 39. Rxf8+ Bxf8 40. Kg2
Qd6 41. Kg3 Bg7 42. h4 h6 43. g5 Qf8 44. Ne3 hxg5 45. hxg5 Qd8 46. Kg4 Qd7+ 47.
Kg3 Qd8 48. Qf5 Qd2 49. Kf3 e4+ 50. Qxe4 Bd4 51. Qe8+ Kh7 52. Qf7+ Kh8 53. Qe8+
Kh7 54. g6+ Kh6 55. Nf5+ Kg5 56. Nxd4 cxd4 57. g7 Qd3+ 58. Kf2 Qf5+ 59. Kg2 Qg4+
60. Kf1 Qf5+ 61. Ke1 Qb1+ 62. Kd2 Qb2+ 63. Ke1 Qb1+ 64. Kd2 1/2-1/2

[Event "St.Petersburg Rapid 2016"]
[Site "St Petersburg RUS"]
[Date "2016.08.28"]
[Round "7.6"]
[White "Gordievsky, Dmitry"]
[Black "Chigaev, Maksim"]
[Result "1/2-1/2"]
[WhiteTitle "IM"]
[BlackTitle "IM"]
[WhiteElo "2555"]
[BlackElo "2550"]
[WhiteFideId "24112798"]
[BlackFideId "4108116"]
[EventDate "2016.08.27"]

1. Nf3 Nf6 2. c4 b6 3. g3 Bb7 4. Bg2 e6 5. O-O Be7 6. Nc3 O-O 7. Re1 Ne4 8. Nxe4
Bxe4 9. d3 Bb7 10. e4 c5 11. d4 cxd4 12. Nxd4 Nc6 1/2-1/2

[Event "St.Petersburg Rapid 2016"]
[Site "St Petersburg RUS"]
[Date "2016.08.28"]
[Round "7.7"]
[White "Morozevich, Alexander"]
[Black "Sharafiev, Azat"]
[Result "1/2-1/2"]
[WhiteTitle "GM"]
[BlackTitle "IM"]
[WhiteElo "2683"]
[BlackElo "2422"]
[WhiteFideId "4116992"]
[BlackFideId "4186214"]
[EventDate "2016.08.27"]

1. e4 e5 2. Nf3 Nc6 3. d4 exd4 4. Nxd4 Nf6 5. Nxc6 bxc6 6. e5 Qe7 7. Qe2 Nd5 8.
h4 f6 9. c4 Ba6 10. Rh3 fxe5 11. Bg5 Nf6 12. Re3 d6 13. g3 h6 14. Bg2 Qd7 15.
Bxf6 gxf6 16. Qc2 Rb8 17. Qa4 Rb6 18. c5 dxc5 19. Nc3 Bd6 20. O-O-O O-O 21. g4
c4 22. Ne4 Kh8 23. g5 f5 24. Nxd6 cxd6 25. Qa3 c5 26. Rxe5 Qg7 27. Re6 hxg5 28.
h5 Rf6 29. Re8+ Rf8 30. h6 Qf6 31. Rxf8+ Qxf8 32. Qc3+ Kh7 33. Re1 d5 34. Re8
Qf6 35. Bxd5 Qxc3+ 36. bxc3 Kxh6 37. Re7 g4 38. Rxa7 Kg5 39. Rc7 f4 40. Rxc5 Rb5
41. Rxb5 Bxb5 42. Kd2 Kf5 43. Ke2 Ke5 44. Bf7 Kf5 45. Bd5 Ke5 46. Bb7 Kf5 47.
Bc8+ Kg5 48. Be6 Kh4 49. Kf1 g3 50. Bd5 Kg4 51. Kg2 gxf2 52. Kxf2 Kf5 53. Bf3
Ke5 54. Bd1 Bc6 55. a4 Kd6 56. a5 Bb7 57. Bf3 Ba6 58. Be4 Kc5 59. Kf3 Kb5 60.
Kxf4 Kxa5 61. Ke5 Kb6 62. Kd6 Bb5 63. Bd5 Ba6 64. Bc6 Bc8 65. Bd5 Ba6 66. Bc6 1/2-1/2

[Event "St.Petersburg Rapid 2016"]
[Site "St Petersburg RUS"]
[Date "2016.08.28"]
[Round "7.8"]
[White "Matlakov, Maxim"]
[Black "Triapishko, Olexandr"]
[Result "1-0"]
[WhiteTitle "GM"]
[WhiteElo "2686"]
[BlackElo "2466"]
[WhiteFideId "4168003"]
[BlackFideId "14122286"]
[EventDate "2016.08.27"]

1. c4 b6 2. Nc3 e6 3. e4 Bb7 4. Nge2 Nf6 5. d3 c5 6. g3 Nc6 7. Bg2 Be7 8. O-O
O-O 9. h3 a6 10. Be3 b5 11. cxb5 axb5 12. Nxb5 d5 13. exd5 Nxd5 14. Bd2 Bf6 15.
Nec3 Ne5 16. Ne4 Nxd3 17. Qc2 c4 18. Qxc4 Nxb2 19. Qb3 Bc6 20. a4 Rb8 21. Rab1
Be5 22. Rxb2 Bxb2 23. Qxb2 Nb6 24. Qc2 Bxe4 25. Bxe4 Nxa4 26. Bxh7+ Kh8 27. Bd3
Rc8 28. Qxa4 Qxd3 29. Be3 Rc4 30. Qa7 Kg8 31. Nd4 Rd8 32. Nf3 Qf5 33. Ng5 Rcc8
34. Re1 Ra8 35. Qe7 Re8 36. Qb7 Rab8 37. Qe4 Qxe4 38. Nxe4 Rb4 39. Bd2 Rd4 40.
Re2 Rc8 41. Bf4 Rcd8 42. Kg2 f6 43. Nc5 e5 44. Be3 Rc4 45. Ra2 Rc8 46. Nd7 R4c7
47. Nb6 Rd8 48. g4 Kf7 49. Ra5 Kg6 50. h4 Rc6 51. Nd5 Rd7 52. Kf3 Rcd6 53. Nc3
Rd3 54. Ne4 R3d5 55. Ra6 Kf7 56. h5 Kg8 57. h6 Rf7 58. Nd6 Rf8 59. Nf5 e4+ 60.
Kg3 Rd7 61. hxg7 1-0

[Event "St.Petersburg Rapid 2016"]
[Site "St Petersburg RUS"]
[Date "2016.08.28"]
[Round "7.9"]
[White "Indjic, Aleksandar"]
[Black "Ponkratov, Pavel"]
[Result "1-0"]
[WhiteTitle "GM"]
[BlackTitle "GM"]
[WhiteElo "2562"]
[BlackElo "2589"]
[WhiteFideId "911925"]
[BlackFideId "4157800"]
[EventDate "2016.08.27"]

1. d4 Nf6 2. c4 e6 3. Nf3 c5 4. d5 exd5 5. cxd5 d6 6. Nc3 g6 7. Nd2 Nbd7 8. e4
Bg7 9. Be2 O-O 10. O-O Re8 11. a4 a6 12. Re1 Rb8 13. a5 Ne5 14. Ndb1 b5 15. axb6
Rxb6 16. Na3 Rb4 17. f3 Nh5 18. Nc2 Rb6 19. f4 Nd7 20. Bf3 Nhf6 21. Ra2 Qc7 22.
Be3 Qb8 23. Qc1 Kh8 24. Bf2 Bh6 25. Be3 Ng8 26. g4 Bg7 27. g5 f6 28. h4 Ne7 29.
Kg2 Kg8 30. Bf2 Rf8 31. Bg3 f5 32. h5 fxe4 33. Rxe4 Nf5 34. h6 Bh8 35. Bf2 Rb3
36. Ne3 Nb6 37. Nxf5 Bxf5 38. Re7 Qc8 39. Qe1 Rb4 40. Bg3 Nc4 41. Rxh7 Rb7 42.
Re7 Bd4 43. Rxb7 Qxb7 44. Bf2 Nxb2 45. Bxd4 cxd4 46. Ne2 Nd3 47. Qg1 Qb3 48.
Qxd4 Ne1+ 49. Kf2 Rf7 50. Nc3 Nxf3 51. Kxf3 Qb7 52. Re2 Qc8 53. Rb2 Bd3 54. Kg3
Bf1 55. Kf2 Bb5 56. Kg3 Bf1 57. Rh2 Rb7 58. Ne4 Rb3+ 59. Kf2 Qc2+ 60. Kg1 1-0

[Event "St.Petersburg Rapid 2016"]
[Site "St Petersburg RUS"]
[Date "2016.08.28"]
[Round "7.10"]
[White "Moiseenko, Vadim"]
[Black "Huzman, Alexander"]
[Result "0-1"]
[WhiteTitle "IM"]
[BlackTitle "GM"]
[WhiteElo "2533"]
[BlackElo "2577"]
[WhiteFideId "4123700"]
[BlackFideId "2803828"]
[EventDate "2016.08.27"]

1. e4 e6 2. d4 d5 3. Nc3 dxe4 4. Nxe4 Nd7 5. Nf3 Ngf6 6. Bd3 c5 7. Bg5 Be7 8.
Nxf6+ Bxf6 9. Bxf6 Qxf6 10. c3 O-O 11. O-O cxd4 12. Nxd4 e5 13. Nb5 Nc5 14. Nc7
Rb8 15. Bc2 Rd8 16. Nd5 Qg5 17. c4 Be6 18. b4 Bxd5 19. cxd5 Nd7 20. Bb3 Nf6 21.
Rc1 e4 22. Qd4 Qf4 23. Qxa7 Ng4 24. g3 Qh6 25. h4 Ne5 26. Kg2 Nf3 27. Qe3 Qxe3
28. fxe3 Nd2 29. Rfd1 Nxb3 30. axb3 Rd6 31. g4 Kf8 32. Rc7 Rbd8 33. Rxb7 Rxd5
34. Rxd5 Rxd5 35. Kg3 h5 36. b5 hxg4 37. Kxg4 g6 38. Kf4 Rh5 39. Kxe4 Rxh4+ 40.
Kd3 g5 41. b6 Rh6 42. Rb8+ Kg7 43. Kc4 g4 44. b7 Rb6 45. b4 g3 46. Rd8 Rxb7 47.
Rd2 Re7 48. b5 Rxe3 49. b6 f5 50. b7 Re8 51. Rb2 f4 52. b8=Q Rxb8 53. Rxb8 g2
54. Rb1 f3 55. Rg1 Kf6 56. Kd3 f2 57. Rxg2 f1=Q+ 58. Re2 Kf5 59. Ke3 Qd1 60.
Rf2+ Ke5 61. Rd2 Qb3+ 62. Rd3 Qc4 63. Kd2 Ke4 64. Re3+ Kd4 65. Rf3 Qa2+ 66. Ke1
Ke4 67. Rg3 Qc2 68. Kf1 Kf4 69. Rh3 Qd1+ 70. Kf2 Qd2+ 71. Kf1 Kg4 0-1

[Event "St.Petersburg Rapid 2016"]
[Site "St Petersburg RUS"]
[Date "2016.08.28"]
[Round "7.11"]
[White "Lintchevski, Daniil"]
[Black "Matinian, Nikita"]
[Result "1/2-1/2"]
[WhiteTitle "GM"]
[BlackTitle "IM"]
[WhiteElo "2527"]
[BlackElo "2488"]
[WhiteFideId "4171055"]
[BlackFideId "24129100"]
[EventDate "2016.08.27"]

1. e4 e5 2. Nf3 Nc6 3. Nc3 Nf6 4. h3 g6 5. Bc4 Bg7 6. d3 O-O 7. Bg5 h6 8. Be3 d6
9. Qd2 Kh7 10. g4 Na5 11. g5 Nxc4 12. dxc4 hxg5 13. O-O-O Kg8 14. Bxg5 Be6 15.
Rdg1 Qd7 16. Bxf6 Bxf6 17. h4 Kg7 18. h5 Rh8 19. Nd5 Bxd5 20. Qxd5 c6 21. Qd3
Qe6 22. Kb1 a6 23. hxg6 fxg6 24. Rxh8 Rxh8 25. a4 Rh3 26. Rg3 Rh1+ 27. Rg1 Rh3
28. Qe2 Qf7 29. Rg3 Rh1+ 30. Rg1 Rh3 31. Rg3 Rh1+ 32. Rg1 Rh3 33. Rg3 1/2-1/2

[Event "St.Petersburg Rapid 2016"]
[Site "St Petersburg RUS"]
[Date "2016.08.28"]
[Round "7.12"]
[White "Malakhov, Igor"]
[Black "Rozum, Ivan"]
[Result "0-1"]
[WhiteTitle "IM"]
[BlackTitle "GM"]
[WhiteElo "2451"]
[BlackElo "2585"]
[WhiteFideId "4183088"]
[BlackFideId "24104272"]
[EventDate "2016.08.27"]

1. e4 c6 2. d4 d5 3. exd5 cxd5 4. c4 Nf6 5. Nc3 e6 6. Nf3 Bb4 7. cxd5 Nxd5 8.
Bd2 O-O 9. Bd3 Nc6 10. O-O Be7 11. a3 Nf6 12. Bg5 g6 13. Bb5 Bd7 14. Ne5 Nd5 15.
Bxc6 Bxc6 16. Nxc6 bxc6 17. Bxe7 Nxe7 18. Qa4 Qb6 19. Qb4 Qxb4 20. axb4 Rfd8 21.
Rfd1 Nf5 22. Ne2 Rab8 23. g4 Nh4 24. Ra4 Rb7 25. Rd3 e5 26. Kf1 e4 27. Rc3 Nf3
28. Kg2 Nxd4 29. Nxd4 Rxd4 30. Rxc6 Rdxb4 31. Rxb4 Rxb4 32. Ra6 Rxb2 33. Kg3
Rb3+ 34. Kg2 Rb7 35. h4 Re7 36. Ra3 h6 37. Ra6 Kg7 38. Kh2 Kf8 39. Kg2 Kg7 40.
Kh2 h5 41. gxh5 gxh5 42. Kg3 e3 43. fxe3 Rxe3+ 44. Kf4 Re1 45. Kg5 Re5+ 46. Kf4
Re6 47. Rxa7 Rg6 48. Kf3 Rg4 49. Ra5 Kg6 50. Ra8 Rxh4 51. Rg8+ Kf5 52. Rh8 Kg6
53. Rg8+ Kh7 54. Rg5 Kh6 55. Rg8 Ra4 56. Rh8+ Kg5 57. Rg8+ Kf5 58. Rh8 Ra3+ 59.
Kg2 Kg4 60. Rg8+ Kf4 61. Rh8 Rg3+ 62. Kf2 Rg5 63. Rf8 f5 64. Ra8 Kg4 65. Kg2 h4
66. Ra4+ f4 67. Ra8 Kf5+ 68. Kh2 f3 69. Ra5+ Kg6 70. Ra6+ Kh5 71. Ra2 Re5 72.
Ra8 Kg5 73. Rg8+ Kf4 74. Ra8 Re2+ 75. Kh3 Re1 76. Ra4+ Ke3 77. Ra3+ Ke2 78. Ra2+
Kf1 79. Kg4 Re2 80. Ra3 f2 81. Kh3 Kg1 0-1

[Event "St.Petersburg Rapid 2016"]
[Site "St Petersburg RUS"]
[Date "2016.08.28"]
[Round "8.2"]
[White "Dubov, Daniil"]
[Black "Lysyj, Igor"]
[Result "1-0"]
[WhiteTitle "GM"]
[BlackTitle "GM"]
[WhiteElo "2648"]
[BlackElo "2643"]
[WhiteFideId "24126055"]
[BlackFideId "4150120"]
[EventDate "2016.08.27"]

1. d4 Nf6 2. c4 e6 3. g3 d5 4. Bg2 Be7 5. Nf3 O-O 6. O-O dxc4 7. Qc2 a6 8. a4 c5
9. Rd1 Nc6 10. Na3 b5 11. dxc5 Qe8 12. Bd2 Bxc5 13. axb5 axb5 14. Nxb5 Rxa1 15.
Rxa1 Ng4 16. Be1 Nce5 17. Na3 Ba6 18. b4 Be7 19. Nxe5 Nxe5 20. Bc3 Bf6 21. Qb2
Ng4 22. Bxf6 Nxf6 23. b5 Qb8 24. Rb1 Bb7 25. Bxb7 Qxb7 26. Nxc4 Qe4 27. Na5 Nd5
28. b6 Nc3 29. Re1 Na4 30. Qb1 Qd5 31. Qb4 1-0

[Event "St.Petersburg Rapid 2016"]
[Site "St Petersburg RUS"]
[Date "2016.08.28"]
[Round "8.4"]
[White "Rakhmanov, Aleksandr"]
[Black "Alekseev, Evgeny"]
[Result "1/2-1/2"]
[WhiteTitle "GM"]
[BlackTitle "GM"]
[WhiteElo "2641"]
[BlackElo "2636"]
[WhiteFideId "4173708"]
[BlackFideId "4138147"]
[EventDate "2016.08.27"]

1. c4 c5 2. Nf3 Nc6 3. Nc3 g6 4. e3 Nf6 5. d4 cxd4 6. exd4 d5 7. Bg5 Be6 8. Bxf6
exf6 9. c5 Bg7 10. Bb5 O-O 11. O-O g5 12. Ne2 a6 13. Bxc6 bxc6 14. Ng3 a5 15. h3
Rb8 16. b3 Rb4 17. Ne1 Rb7 18. Nc2 Qc7 19. Qd2 Ra8 20. Nh5 Bf5 21. Ne3 Bg6 22.
Ng3 Qf4 23. Ne2 Qe4 24. Nc3 Qh4 25. Rad1 f5 26. f4 gxf4 27. Nc2 Bh6 28. Qf2 Qg5
29. Rde1 Bh5 30. Kh1 Kh8 31. Ne2 f3 32. gxf3 f4 33. Kh2 Re7 34. Ng1 Bg6 35. h4
Qg3+ 36. Qxg3 fxg3+ 1/2-1/2

[Event "St.Petersburg Rapid 2016"]
[Site "St Petersburg RUS"]
[Date "2016.08.28"]
[Round "8.5"]
[White "Pridorozhni, Aleksei"]
[Black "Indjic, Aleksandar"]
[Result "1/2-1/2"]
[WhiteTitle "GM"]
[BlackTitle "GM"]
[WhiteElo "2579"]
[BlackElo "2562"]
[WhiteFideId "4127870"]
[BlackFideId "911925"]
[EventDate "2016.08.27"]

1. e4 d6 2. d4 Nf6 3. f3 e5 4. d5 c6 5. c4 a5 6. Nc3 Na6 7. Be3 Nd7 8. Qd2 Be7
9. g3 Ndc5 10. f4 exf4 11. gxf4 Bh4+ 12. Kd1 Bf6 13. Nge2 O-O 14. Ng3 Re8 15.
Bg2 Qb6 16. Na4 Nxa4 17. Bxb6 Nxb2+ 18. Ke2 Nxc4 19. Qc1 Nxb6 20. dxc6 Bxa1 21.
cxb7 Bxb7 22. Qxa1 Nc5 23. Nf5 f6 24. Nxd6 Ba6+ 25. Kf2 Re6 26. e5 Rd8 27. Bh3
Nd3+ 28. Kg3 Rdxd6 29. Rd1 fxe5 30. Bxe6+ Rxe6 31. fxe5 Nd7 32. Rxd3 Bxd3 33.
Qc3 Bf5 34. Qxa5 Rxe5 35. Qd8+ Kf7 36. a4 Nf6 37. a5 Re8 38. Qd4 g5 39. a6 Be4
40. a7 Ba8 41. Kf2 h6 42. h3 Kg6 43. Qb6 h5 44. Qb8 h4 45. Kg1 Bd5 46. Qb1+ Kg7
47. Qa1 Kg6 48. Qb1+ Be4 49. Qb5 Rc8 50. Qa4 g4 51. hxg4 Kg5 52. Qa5+ Kf4 53.
Qd2+ Kxg4 54. Qh6 Kf5 55. Qxh4 Rc1+ 56. Kf2 Ra1 57. Ke2 Ra2+ 58. Kd1 Ke6 59.
Qh3+ Ke5 60. Qc3+ Kf5 61. Qc8+ Kg6 62. Qb8 Kf5 63. Qc8+ Kg6 64. Qb8 Kf5 1/2-1/2

[Event "St.Petersburg Rapid 2016"]
[Site "St Petersburg RUS"]
[Date "2016.08.28"]
[Round "8.6"]
[White "Huzman, Alexander"]
[Black "Yudin, Sergei"]
[Result "1-0"]
[WhiteTitle "GM"]
[BlackTitle "GM"]
[WhiteElo "2577"]
[BlackElo "2539"]
[WhiteFideId "2803828"]
[BlackFideId "4159659"]
[EventDate "2016.08.27"]

1. Nf3 e6 2. g3 b5 3. Bg2 Bb7 4. O-O Nf6 5. b3 c5 6. c4 a6 7. Nc3 b4 8. Na4 Be7
9. d4 cxd4 10. Qxd4 d6 11. Qb6 Qxb6 12. Nxb6 Ra7 13. a3 bxa3 14. Bxa3 Nbd7 15.
Nxd7 Kxd7 16. Rfd1 Kc7 17. Bb4 Bc6 18. Ne5 Bxg2 19. Kxg2 Rf8 20. Nd3 Rb8 21. Ra4
Nd7 22. Rda1 Kb7 23. Bc3 Raa8 24. Bxg7 Kc7 25. b4 Nb6 26. Rxa6 Rxa6 27. Rxa6 Kb7
28. Ra5 Nxc4 29. Rh5 Kc6 30. Rxh7 e5 31. Bh6 Bf8 32. Bxf8 Rxf8 33. h4 d5 34.
Rh6+ Kb5 35. Rf6 d4 36. Nxe5 1-0

[Event "St.Petersburg Rapid 2016"]
[Site "St Petersburg RUS"]
[Date "2016.08.28"]
[Round "8.7"]
[White "Rozum, Ivan"]
[Black "Gordievsky, Dmitry"]
[Result "1/2-1/2"]
[WhiteTitle "GM"]
[BlackTitle "IM"]
[WhiteElo "2585"]
[BlackElo "2555"]
[WhiteFideId "24104272"]
[BlackFideId "24112798"]
[EventDate "2016.08.27"]

1. Nf3 Nf6 2. g3 g6 3. b3 b6 4. Bb2 Bg7 5. Bg2 Bb7 6. O-O c5 7. c4 O-O 8. Nc3
Na6 9. e3 d5 10. Nxd5 Nxd5 11. Bxg7 Kxg7 12. cxd5 Bxd5 13. d4 e6 14. Qe2 Bb7 15.
Rfd1 Qe7 16. Ne5 Bxg2 17. Kxg2 Qb7+ 18. Kg1 Rad8 19. Qb2 f6 20. Nd3 cxd4 21. Nf4
Rfe8 22. Rxd4 Rxd4 23. exd4 Nb4 24. Qe2 Nd5 25. Qf3 Re7 26. Nxd5 Qxd5 27. Qxd5
exd5 28. Rc1 Kh6 29. Kf1 Re4 30. Rc7 Rxd4 31. Rxa7 Rd2 32. Ke1 Rb2 33. Rd7 Rxa2
34. Rxd5 Rb2 35. Rb5 f5 36. Kf1 Kg5 37. Kg2 Rb1 38. Rxb6 Rb2 39. Kf3 Rb1 40. Rb7
h6 41. h4+ Kh5 42. Rb5 g5 43. hxg5 hxg5 44. Kg2 Kg6 45. Rb6+ Kh5 46. b4 Rb2 47.
Rb8 Kg4 48. b5 f4 49. gxf4 Kxf4 50. b6 Kf5 51. Kg3 Kg6 52. b7 Kg7 53. Kg4 Rb5
54. Kf3 Rb4 55. Ke3 g4 56. Ke2 Rb1 57. Kd2 g3 58. fxg3 Rb6 59. Ke3 Rb3+ 60. Kf4
Rb4+ 61. Kg5 Rb5+ 62. Kh4 Rb1 63. g4 Rb4 64. Kh5 Rb1 65. g5 Rh1+ 66. Kg4 Rg1+
67. Kf3 Rf1+ 68. Ke2 Rb1 69. g6 Rb2+ 70. Kd3 Rb3+ 71. Kc4 Rb1 72. Kd5 Rd1+ 73.
Ke4 1/2-1/2

[Event "St.Petersburg Rapid 2016"]
[Site "St Petersburg RUS"]
[Date "2016.08.28"]
[Round "8.8"]
[White "Alekseenko, Kirill"]
[Black "Chigaev, Maksim"]
[Result "0-1"]
[WhiteTitle "GM"]
[BlackTitle "IM"]
[WhiteElo "2582"]
[BlackElo "2550"]
[WhiteFideId "4135539"]
[BlackFideId "4108116"]
[EventDate "2016.08.27"]

1. e4 c6 2. d4 d5 3. e5 Bf5 4. Nf3 e6 5. Be2 c5 6. O-O Nc6 7. c3 cxd4 8. Nxd4
Nge7 9. Nxf5 Nxf5 10. Bd3 Bc5 11. Qe2 Nh4 12. Nd2 Ng6 13. Nf3 Nh4 14. Re1 g6 15.
Nxh4 Qxh4 16. g3 Qd8 17. Kg2 Bf8 18. Bf4 Bg7 19. g4 h5 20. h3 Qc7 21. b4 hxg4
22. hxg4 O-O-O 23. Bg3 Rh7 24. Rac1 Kb8 25. c4 dxc4 26. Rxc4 Qb6 27. Be4 Ne7 28.
a4 a6 29. a5 Qb5 30. Rc5 Qxe2 31. Rxe2 Bf8 32. Rc4 Nd5 33. Rb2 Nc7 34. f4 Nb5
35. Bf2 Be7 36. Rb3 Rhh8 37. Rd3 Rxd3 38. Bxd3 Rd8 39. Be4 Rd2 40. Kf3 Rb2 41.
Be1 Rh2 42. f5 gxf5 43. gxf5 Rh3+ 44. Kg2 Re3 45. Bf2 Rb3 46. f6 Bxb4 47. Bf3
Rb2 48. Kg3 Bc3 49. Re4 Bxa5 50. Rh4 Bc3 51. Bb6 Bxe5+ 52. Kg4 Rb4+ 53. Kh3
Rxh4+ 54. Kxh4 Bxf6+ 55. Kh3 Bd4 56. Bd8 Kc8 57. Be7 b6 58. Bc6 Kc7 59. Be8 Nd6 0-1

[Event "St.Petersburg Rapid 2016"]
[Site "St Petersburg RUS"]
[Date "2016.08.28"]
[Round "8.10"]
[White "Kashtanov, Ruslan"]
[Black "Morozevich, Alexander"]
[Result "0-1"]
[WhiteTitle "IM"]
[BlackTitle "GM"]
[WhiteElo "2356"]
[BlackElo "2683"]
[WhiteFideId "4124871"]
[BlackFideId "4116992"]
[EventDate "2016.08.27"]

1. e4 c5 2. Nf3 e6 3. d4 cxd4 4. Nxd4 Nc6 5. Nc3 Qc7 6. Be3 a6 7. f4 b5 8. Nxc6
Qxc6 9. a3 Bb7 10. Bd3 b4 11. axb4 Bxb4 12. O-O Nf6 13. Bd4 h5 14. Qe2 Bc5 15.
Bxc5 Qxc5+ 16. Qf2 Qc7 17. e5 Ng4 18. Qd4 f5 19. exf6 Nxf6 20. Bg6+ Ke7 21. Rae1
Rac8 22. Be4 Kf7 23. Bxb7 Qxb7 24. Ne4 Nxe4 25. Rxe4 g6 26. Re2 h4 27. Rd1 Rcd8
28. h3 Rh5 29. Re5 Rf5 30. Kh2 d6 31. Rxf5+ gxf5 32. Qf2 Qxb2 33. Qxh4 Qf6 34.
Qh7+ Qg7 35. Qh4 Rd7 36. Rd3 Ke8 37. Rg3 Qf8 38. Rb3 Kf7 39. Qh5+ Ke7 40. Qg5+
Qf6 41. Qg8 Qh6 42. Rb4 d5 43. Qa8 d4 44. Qb8 Qg7 45. Rb6 e5 46. fxe5 f4 47. Rb3
d3 48. Qb4+ Ke8 49. Qxf4 d2 50. e6 0-1

[Event "St.Petersburg Rapid 2016"]
[Site "St Petersburg RUS"]
[Date "2016.08.28"]
[Round "8.11"]
[White "Sukhareva, Evgeniya"]
[Black "Lintchevski, Daniil"]
[Result "1/2-1/2"]
[BlackTitle "GM"]
[WhiteElo "2152"]
[BlackElo "2527"]
[WhiteFideId "4167155"]
[BlackFideId "4171055"]
[EventDate "2016.08.27"]

1. d4 Nf6 2. c4 b6 3. Nf3 Bb7 4. Nc3 d5 5. Bg5 e6 6. e3 Be7 7. cxd5 exd5 8. Qc2
O-O 9. Be2 Ne4 10. Bxe7 Qxe7 11. Nxe4 dxe4 12. Nd2 c5 13. dxc5 Rc8 14. O-O Rxc5
15. Qa4 Ra5 16. Qb3 Nd7 17. Rfc1 Rc5 18. Rxc5 Qxc5 19. Qc4 Qe5 20. Qb5 Rd8 21.
Qxe5 Nxe5 22. Nb3 Kf8 23. Nd4 Rc8 24. Kf1 g6 25. Ke1 Ke7 26. Kd2 Rd8 27. Ke1 Nc6
28. Nxc6+ Bxc6 29. Rc1 Rd6 30. Rd1 Re6 31. Rd4 Re5 32. h4 f6 33. Rc4 Kd6 34.
Rd4+ Kc7 35. Rc4 a5 36. a3 Kd6 37. Rd4+ Kc7 38. Rc4 h6 39. g3 g5 40. hxg5 fxg5
41. b4 Kd6 42. Rd4+ Ke7 43. Rc4 Kd6 44. Rd4+ Kc7 45. Rc4 axb4 46. axb4 Kd6 47.
Rd4+ Ke7 48. Rc4 Re6 49. Rc1 Kd6 50. Rd1+ Ke5 51. Rd8 Bd5 52. Rc8 Re7 53. Rb8
Re6 54. Rc8 Rd6 55. Rc7 Be6 56. Rc3 Kf6 57. Rc7 Kg6 58. g4 Kf6 59. Rh7 Kg6 60.
Rc7 Bd5 61. Rc8 Kf6 62. Rf8+ Ke7 63. Rc8 Rc6 64. Rxc6 Bxc6 65. Kd2 Kd6 66. Kc3
Ke5 67. Kd2 Bd5 68. Kc3 Be6 69. Kd2 Bd7 70. Kc3 Bc8 71. Kd2 1/2-1/2

[Event "St.Petersburg Rapid 2016"]
[Site "St Petersburg RUS"]
[Date "2016.08.28"]
[Round "8.12"]
[White "Kiselev, Pavel"]
[Black "Goganov, Aleksey"]
[Result "0-1"]
[BlackTitle "GM"]
[WhiteElo "2295"]
[BlackElo "2627"]
[WhiteFideId "4191102"]
[BlackFideId "24109959"]
[EventDate "2016.08.27"]

1. d4 Nf6 2. Nf3 d5 3. c4 e6 4. g3 Bb4+ 5. Nbd2 O-O 6. Bg2 b6 7. cxd5 exd5 8.
O-O Bb7 9. Ne5 Nbd7 10. Nd3 Bd6 11. b4 a6 12. a4 Qe7 13. e3 Ne4 14. Qb3 Rfe8 15.
Rd1 Nf8 16. Ba3 Ng6 17. a5 h5 18. Nxe4 dxe4 19. Nf4 Nxf4 20. exf4 b5 21. Re1 Qe6
22. Qc2 Qg6 23. h4 Bd5 24. Re3 Re7 25. Rae1 Rae8 26. Qd2 c6 27. Bb2 Qf5 28. Bc3
Bb8 29. Kh2 Qg6 30. Bh3 f5 31. Bf1 Qf7 32. Bg2 Bd6 33. Bh1 Re6 34. Bg2 Be7 35.
Bf1 Bf6 36. Bh3 g6 37. Bf1 R6e7 38. Bh3 Rd8 39. Bg2 Red7 40. Qb2 Qg7 41. Rc1 Bc4
42. f3 exf3 43. Bxf3 Bxd4 44. Bxd4 Rxd4 45. Kh3 Rd2 46. Qxg7+ Kxg7 47. Bxc6 Rf2
48. Bg2 Rdd2 49. Rg1 Rxg2 0-1

[Event "St.Petersburg Rapid 2016"]
[Site "St Petersburg RUS"]
[Date "2016.08.28"]
[Round "9.1"]
[White "Chigaev, Maksim"]
[Black "Popov, Ivan RUS"]
[Result "1/2-1/2"]
[WhiteTitle "IM"]
[BlackTitle "GM"]
[WhiteElo "2550"]
[BlackElo "2596"]
[WhiteFideId "4108116"]
[BlackFideId "4170350"]
[EventDate "2016.08.27"]

1. e4 e6 2. d4 d5 3. Nc3 Nf6 4. e5 Nfd7 5. f4 c5 6. Nf3 Nc6 7. Be3 cxd4 8. Nxd4
Qb6 9. Qd2 Qxb2 10. Rb1 Qa3 11. Bb5 Nxd4 12. Bxd4 a6 13. Bxd7+ Bxd7 14. Rb3 Qe7
15. Rxb7 Rc8 16. O-O Qd8 17. Qf2 Rxc3 18. Bxc3 Qc8 19. Rb3 Ba4 20. Bd4 Bxb3 21.
axb3 Be7 22. c3 O-O 23. b4 g6 24. Qe2 Qb7 25. g4 Ra8 26. f5 a5 27. bxa5 Rxa5 28.
fxe6 fxe6 29. Qf3 Ba3 30. Qf6 Qd7 31. Rb1 Ra8 32. Rb6 Re8 33. Ra6 Bc5 34. Bxc5
Qb5 35. Rxe6 Qxc5+ 36. Kg2 Rf8 37. Rc6 Qe3 38. Rc8 Qe2+ 39. Kg3 Qe1+ 40. Kg2
Rxc8 41. Qe6+ Kg7 42. Qxc8 Qe2+ 43. Kg3 Qxe5+ 44. Kg2 Kh6 45. h4 Qe2+ 46. Kg3
Qe3+ 1/2-1/2